Catalog

Record Details

Catalog Search



Výchova k občanství : doplňující koncepce k současnému kurikulu Cover Image Book Book

Výchova k občanství : doplňující koncepce k současnému kurikulu

Record details

  • ISBN: 978-80-210-5830-9
  • Physical Description: 20 s. : barev. il. ; 30 cm
  • Edition: 1. vyd.
  • Publisher: Brno : Masarykova univerzita, 2012

Content descriptions

General Note:
Na obálce nad názvem: Masarykova univerzita, Centrum občanského vzdělávání
Subject: výchova k občanství
občanská společnost
demokracie
politická kultura
kurikulum
citizenship education
civil society
democracy
political culture
curriculum
Genre: metodické příručky
methodological manuals

Available copies

  • 1 of 1 copy available at Common Catalog SPOK.

Holds

  • 0 current holds with 1 total copy.
Show Only Available Copies
Location Call Number / Copy Notes Barcode Shelving Location Status Due Date
Varianty GRV Met Vý 4605400407 Šafaříkova 17 - 5. patro, GRV Available -

LDR 01662nam a2200469 a 4500
00131099
003CZ-PrJAB
00520190223074628.0
007ta
008120611s2012 xr a e f 000 0 cze
015 . ‡acnb002372900
020 . ‡a978-80-210-5830-9 ‡q(brož.) : ‡cneprodejné
035 . ‡a(CZ PrNK)nkc20122372900
035 . ‡a(OCoLC)798996696
040 . ‡aABA001 ‡bcze
072 7. ‡a37.09 ‡xOrganizace výuky a vzdělávání ‡2Konspekt ‡922
080 . ‡a37.017.4 ‡2MRF
080 . ‡a321.7+342.34 ‡2MRF
080 . ‡a323.21 ‡2MRF
080 . ‡a37.016 ‡2MRF
080 . ‡a(072) ‡2MRF
24500. ‡aVýchova k občanství : ‡bdoplňující koncepce k současnému kurikulu
250 . ‡a1. vyd.
260 . ‡aBrno : ‡bMasarykova univerzita, ‡c2012
300 . ‡a20 s. : ‡bbarev. il. ; ‡c30 cm
500 . ‡aNa obálce nad názvem: Masarykova univerzita, Centrum občanského vzdělávání
65007. ‡avýchova k občanství ‡7ph123572 ‡2czenas
65007. ‡aobčanská společnost ‡7ph123633 ‡2czenas
65007. ‡ademokracie ‡7ph117182 ‡2czenas
65007. ‡apolitická kultura ‡7ph115787 ‡2czenas
65007. ‡akurikulum ‡7ph115039 ‡2czenas
65009. ‡acitizenship education ‡2eczenas
65009. ‡acivil society ‡2eczenas
65009. ‡ademocracy ‡2eczenas
65009. ‡apolitical culture ‡2eczenas
65009. ‡acurriculum ‡2eczenas
655 7. ‡ametodické příručky ‡7fd132826 ‡2czenas
655 9. ‡amethodological manuals ‡2eczenas
7102 . ‡aMasarykova univerzita. ‡bCentrum občanského vzdělávání ‡7pna2012702518
7102 . ‡aVýchova k občanství (projekt) ‡7kn20120621019
910 . ‡aABH006
901 . ‡a31099 ‡b ‡c31099 ‡tbiblio

Additional Resources